Planowanie i polityka gospodarcza

Saved in:
Bibliographic Details
Format: Book
Language:Polish
Published: Wroclaw Akademia Ekonomiczna 1982
Series:Prace naukowe Nr. 212
Tags: Add Tag
No Tags, Be the first to tag this record!

MARC

LEADER 00000nam a2200000 4500
001 c131387
005 20140522091745.7
041 0 |a pol 
044 |a PL 
245 1 0 |a Planowanie i polityka gospodarcza 
264 1 |a Wroclaw  |b Akademia Ekonomiczna  |c 1982 
300 |a 189 s. 
490 1 |a Prace naukowe  |v Nr. 212 
830 0 |a Prace naukowe  |v Nr. 212